Vplyv priamych zahraničných investícií na výkonnosť priemyslu

Pozícia priamych zahraničných investícií v priemysle SR. Štruktúra PZI v ekonomike SR. Technologická a kvalifikačná náročnosť priemyselnej výroby.

Gespeichert in:
Bibliographische Detailangaben
1. Verfasser: Fifeková, Elena
Format: Buchkapitel
Sprache:Slowakisch
Schlagworte:
Tags: Tag hinzufügen
Keine Tags, Fügen Sie das erste Tag hinzu!

MARC

LEADER 00000naa$a2200000$$$4500
001 0093180
005 20240502072035.1
041 0 |a slo 
044 |a SK 
245 1 0 |a Vplyv priamych zahraničných investícií na výkonnosť priemyslu  |c Elena Fifeková 
520 |a Pozícia priamych zahraničných investícií v priemysle SR. Štruktúra PZI v ekonomike SR. Technologická a kvalifikačná náročnosť priemyselnej výroby. 
610 2 0 |a výkonnosť ekonomiky 
610 2 0 |a investície priame zahraničné 
610 2 0 |a priemysel 
610 2 0 |a Slovensko 
100 1 |a Fifeková, Elena